¿Cuál Idioma es Más Cercano? - Estadísticas

Estadísticas generales
  • Esta prueba ha sido intentada 57 veces
  • La puntuación promedio es 5 de 15
Estadísticas de respuestas
Pregunta Respuesta % Correcto
Ucraniano Ruso
80%
Turco Kazajo
70%
Italiano Rumano
70%
Suajili Zulú
50%
Tailandés Laosiano
40%
Hindi Panyabí
40%
Alemán Neerlandés
30%
Húngaro Finlandés
20%
Persa Bengalí
10%
Chino mandarín Birmano
10%
Armenio Francés
10%
Tagalo Malgache
10%
Árabe Somalí
10%
Hausa Hebreo
0%
Náhuatl Shoshoni
0%
No se encontraron pruebas coincidentes
Distribución de puntuación
Porcentaje de gente con cada puntuación
Porcentaje por número respondido
Historial de tus puntuaciones
No has intentado esta prueba.